000 01517nam a2200589Ia 4500
001 103938
003 188826
005 20250807175015.0
008 ||||||n9999 ||| || ||
100 1 _aSáchica Aponte, Luis Carlos
_94669
245 0 _aConstitucionalismo Colombiano
250 _aOctava edición
562 _e8
650 0 _aDerecho constitucional
_91802
650 _aECONOMÍA Y POLÍTICA
_96086
650 0 _aEstado
_92991
650 0 _aGarantías constitucionales
_945840
650 _aINSTITUCION MILITAR
_929566
650 _aNORMA CONSTITUCIONAL
_9127599
650 _aORDEN PÚBLICO
_99905
650 0 _aPartidos políticos
_93466
650 _aPODER CONSTITUYENTE
_9127600
650 0 _aPoder ejecutivo
_912478
650 0 _aPoder judicial
_911154
650 0 _aPoder legislativo
_981246
650 0 _aPoder público
_94588
650 0 _aPresidencialismo
_95333
650 _aRÉGIMEN DE LA PROPIEDAD
_9127601
650 0 _aRepresentación política
_943684
650 0 _aSistemas electorales
_94730
650 0 _aDerecho constitucional
_91802
942 _cBKM
999 _c103938
_d103938
526 _a17598
526 _a102617
526 _a102618
526 _a15794
526 _a102620
526 _a10406
526 _a105630
526 _a1698
526 _a116204
526 _a4969
526 _a19790
526 _a104436
526 _a5144
526 _a51868
526 _a3899
526 _a9683
526 _a
526 _a1703
526 _a1697